| 000 | 00564nam a22001817a 4500 | ||
|---|---|---|---|
| 003 | BUBTL | ||
| 008 | 200206b xxu||||| |||| 00| 0 eng d | ||
| 020 | _a9843000027030 | ||
| 082 | _a555.492 / K5271e | ||
| 100 |
_93005 _aKhan, Aftab Alam |
||
| 245 |
_aEarthquake, tsunami and geology of Bangladesh / _cAftab Alam Khan |
||
| 260 |
_aDhaka : _bThe University Grants Commission of Bangladesh, _cc2010. |
||
| 300 |
_axvi, 331 p. : _bill. ; _c22 cm. |
||
| 650 | 0 |
_93008 _aGeology |
|
| 856 |
_k0 _l0 _yDownload |
||
| 942 |
_2ddc _cBK |
||
| 999 |
_c6272 _d6272 |
||